Zápisnica seniorálneho konventu horvatsko slavonského ...

Bibliographic Details
Format: Serial
Language:Slovak
PhysicalDescription:zv.
Published: [S.l. s.n.] [1908-1917]

MARC

LEADER 00000cas a2200000 a 4500
001 vtls001324101
003 SK-MaSNL
005 20260221124153.0
008 180126d19081917rb ar 0 0b0slo
035 |a SNK000276804 
040 |a SNK  |b slo  |c SNK  |e AACR2 
041 |a slo 
245 0 0 |a Zápisnica seniorálneho konventu horvatsko slavonského ... 
260 |a [S.l.  |b s.n.]  |c [1908-1917] 
300 |a zv. 
310 |a 1x ročne 
362 |a [1908-1917] 
910 |a snk 
999 |c 11619  |d 13549 
952 |0 0  |1 0  |4 0  |7 0  |8 3  |a SNK  |b SNK  |d 1998-03-11  |g 0.50  |i snkK 750/98  |l 0  |o snkČSC 1871/1908 D1  |p 17A0125139  |r 2005-01-02 00:00:00  |w 2026-02-21  |y PREZ 
952 |0 0  |1 0  |4 0  |7 0  |8 3  |a SNK  |b SNK  |d 1998-03-11  |g 0.50  |i snkK 751/98  |l 0  |o snkČSC 1871/1917 D2  |p 17A0125140  |r 2005-01-02 00:00:00  |w 2026-02-21  |y PREZ 
952 |0 0  |1 0  |4 0  |7 0  |8 3  |a SNK  |b SNK  |d 1999-03-24  |i snkK 1417/97  |l 0  |o snkČSC 1871/1910 D2  |r 2005-01-02 00:00:00  |w 2026-02-21  |y PREZ